[Event "AUTO-MASTER-681"]
[Site "http://www.queenalice.com/game.php?id=601985"]
[Date "2009.6.12"]
[Round "2"]
[White "sogipano"]
[Black "PackoJones"]
[Result "1/2-1/2"]
[WhiteElo "2424"]
[BlackElo "2543"]

1. e4 e5 2. Nf3 Nc6 3. Bb5 Bc5 4. O-O Nf6 5. c3 O-O 6. d4 Bb6 7. Bg5 h6 8. Bh4
d6 9. Bxc6 bxc6 10. dxe5 dxe5 11. Qa4 Qd6 12. Rd1 Qe6 13. Nbd2 Nh5 14. Nc4 f6
15. Rd2 Bb7 16. Na5 Bxa5 17. Qxa5 c5 18. Qxc5 Bxe4 19. Qxc7 Nf4 20. Bg3 Rfc8 21.
Qd7 Qxd7 22. Rxd7 Nd3 23. Nd2 Bf5 24. Rb7 a5 25. a4 Nc5 26. Rb6 Rab8 27. Rb5 Bd7
28. Rxa5 Rxb2 29. Nc4 Rc2 30. Ra7 Nb3 31. Ne3 R2xc3 32. Rd1 R3c7 33. Rxc7 Rxc7
34. f4 exf4 35. Bxf4 Rb7 36. h3 Bxa4 37. Nf5 Bd7 38. Nd6 Ra7 39. Rd3 Nc5 40. Rd5
Ra1+ 41. Kh2 Na6 42. Rd2 Nb4 43. Be3 Kh7 44. Bd4 Rb1 45. Ne4 Bc6 46. Nc5 Rc1 47.
Ne6 Rc4 48. Bc5 Nd5 49. Bd4 g5 50. Nd8 Kg6 51. Nxc6 Rxc6 52. Bf2 Nc7 53. g3 Nb5
54. g4 Nd6 55. Re2 Rc4 56. Kg2 Ne4 57. Be3 h5 58. Kf3 hxg4+ 59. hxg4 Nd6 60. Rd2
Nf7 61. Rd4 Ne5+ 62. Kg3 Rc3 63. Kf2 Nc4 64. Re4 Nxe3 65. Rxe3 Rxe3 1/2-1/2

[Event "Challenge"]
[Site "http://www.queenalice.com/game.php?id=602863"]
[Date "2009.6.14"]
[Round "-"]
[White "hendrik"]
[Black "sogipano"]
[Result "1-0"]
[WhiteElo "2406"]
[BlackElo "2399"]

1. e4 e5 2. Nf3 Nc6 3. Bb5 Nf6 4. O-O Bc5 5. Nc3 O-O 6. Nxe5 Nxe5 7. d4 Bd6 8.
f4 Nc6 9. e5 a6 10. Bd3 Be7 11. d5 Bc5+ 12. Kh1 Nxd5 13. Nxd5 d6 14. Qh5 g6 15.
Qh6 dxe5 16. f5 Bxf5 17. Rxf5 f6 18. Rh5 Kf7 19. Bc4 Ke8 20. Qg7 Qxd5 21. Bxd5
gxh5 22. Qxc7 Rd8 23. Bxc6+ bxc6 24. Qxc6+ Kf7 25. Bh6 1-0

[Event "Challenge"]
[Site "http://www.queenalice.com/game.php?id=602864"]
[Date "2009.6.14"]
[Round "-"]
[White "sogipano"]
[Black "hendrik"]
[Result "1-0"]
[WhiteElo "2402"]
[BlackElo "2407"]

1. d4 d5 2. Nc3 Nf6 3. Nf3 c5 4. e3 Nc6 5. h3 e6 6. Be2 Be7 7. O-O O-O 8. Bd3
Nb4 9. b3 b6 10. Re1 Nxd3 11. cxd3 cxd4 12. exd4 Ba6 13. Bf4 Bb4 14. Qd2 Rc8 15.
Rec1 Nh5 16. Be5 Ba3 17. Rc2 Qe8 18. Rd1 Bb4 19. Bh2 Qe7 20. Re1 Rfd8 21. Re5
Nf6 22. Re1 Ne8 23. Bf4 f6 24. Bg3 Qf8 25. Ra1 Ba3 26. Ne2 Qe7 27. Rxc8 Rxc8 28.
h4 Rc6 29. Rb1 Qb4 30. Qd1 Bb7 31. Bf4 Qe7 32. Bd2 Bd6 33. b4 a6 34. Qb3 Bc8 35.
a4 Bd7 36. Nc3 Rc7 37. b5 Ra7 38. bxa6 1-0

[Event "QA-ANNIV-05"]
[Site "http://www.queenalice.com/game.php?id=604286"]
[Date "2009.6.15"]
[Round "1"]
[White "cepac0l"]
[Black "sogipano"]
[Result "0-1"]
[WhiteElo "1484"]
[BlackElo "2410"]

1. e4 c5 2. Bc4 Nc6 3. Nc3 Nf6 4. Qf3 e6 5. d3 d5 6. e5 Nxe5 7. Qe3 Nxc4 8. dxc4
d4 9. Qd2 dxc3 10. Qxd8+ Kxd8 11. bxc3 Bd6 12. Nf3 Kc7 13. Ng5 Rf8 0-1

[Event "AUTO-ELITE-303"]
[Site "http://www.queenalice.com/game.php?id=610468"]
[Date "2009.6.29"]
[Round "2"]
[White "QuickQuickSlow"]
[Black "sogipano"]
[Result "1/2-1/2"]
[WhiteElo "2547"]
[BlackElo "2406"]

1. e4 e5 2. Nf3 Nc6 3. Bb5 Nge7 4. O-O g6 5. c3 Bg7 6. d4 exd4 7. cxd4 d5 8.
exd5 Nxd5 9. Re1+ Be6 10. Bg5 Qd6 11. Nbd2 O-O 12. Ne4 Qb4 13. Bxc6 bxc6 14. Qc1
Qb5 15. Bh6 Rfe8 16. Bxg7 Kxg7 17. Ne5 f6 18. Qxc6 Qxb2 19. Nc4 Qb8 20. Ng5 Bg8
21. Ne6+ Bxe6 22. Rxe6 Rxe6 23. Qxe6 Qg8 24. Qc6 Re8 25. Ne3 Nxe3 26. Re1 Qf7
27. fxe3 f5 28. Qa6 f4 29. e4 f3 30. gxf3 Qxf3 31. Qe2 Qc3 32. Rd1 a5 33. d5 a4
34. Re1 c6 35. dxc6 Re5 36. Rf1 Qxc6 37. Qf3 Qd6 38. Kh1 Qe7 39. Qc3 h5 40. Qd4
Kh7 41. Re1 Qf6 42. Qa7+ Re7 43. Qe3 Qf7 44. Qe2 Rc7 45. e5 Qd5+ 46. Qg2 Qe6 47.
Kg1 Rc4 48. Qb7+ Kh6 49. Qf3 Kg7 50. h3 Qc6 51. Qxc6 Rxc6 52. Re4 Rc1+ 53. Kf2
Rc2+ 54. Re2 Rxe2+ 55. Kxe2 g5 56. Ke3 Kf7 57. a3 Ke6 58. Kd4 g4 59. hxg4 hxg4
60. Ke4 g3 61. Kf3 Kxe5 62. Kxg3 Kd4 63. Kf2 Kd3 64. Kf3 Kc2 65. Ke2 Kb2 1/2-1/2

[Event "AUTO-ELITE-303"]
[Site "http://www.queenalice.com/game.php?id=610469"]
[Date "2009.6.29"]
[Round "2"]
[White "sogipano"]
[Black "QuickQuickSlow"]
[Result "1/2-1/2"]
[WhiteElo "2409"]
[BlackElo "2544"]

1. e4 c5 2. Nf3 d6 3. Nc3 a6 4. d4 cxd4 5. Nxd4 Nf6 6. Bc4 e6 7. O-O b5 8. Bb3
Be7 9. Qd3 O-O 10. a3 Bb7 11. Qg3 Nh5 12. Qh3 Nf6 13. Be3 Nbd7 14. Rad1 Rc8 15.
f3 Qe8 16. Qg3 Nh5 17. Qf2 Ne5 18. a4 b4 19. Na2 a5 20. Qe2 Nf6 21. Bf2 Nh5 22.
Rfe1 Ra8 23. Qd2 Ba6 24. Nc1 Rc8 25. Nd3 h6 26. f4 Nxd3 27. cxd3 Qd8 28. Qe3 Nf6
29. Qg3 Nh5 30. Qf3 Nf6 31. Qh3 Kh8 32. Nf3 Bb7 33. Rc1 Nd7 34. Rxc8 Qxc8 35. f5
exf5 36. Qxf5 Nc5 37. Qxc8 Bxc8 38. Bxc5 dxc5 39. Ne5 Kh7 40. Nc6 Bd6 41. Rf1
Bc7 42. Bxf7 g5 43. g3 Bd7 44. Bd5 Rxf1+ 45. Kxf1 Bxc6 46. Bxc6 Be5 47. b3 Kg7
48. Be8 Kf6 49. Bh5 Bc7 50. Ke2 Ke5 51. Be8 Kd4 52. Bf7 Bd6 53. Bc4 Bc7 54. Kf3
Ke5 55. Kg4 Kf6 56. Bb5 Bb8 57. Kh5 Kg7 58. Bc4 Bc7 59. Kg4 Kf6 60. h4 Be5 61.
hxg5+ hxg5 62. Bb5 Bd4 63. Kf3 Ke5 64. Bc4 Kf6 65. Kg4 1/2-1/2

[Event "AUTO-ELITE-303"]
[Site "http://www.queenalice.com/game.php?id=610472"]
[Date "2009.6.29"]
[Round "2"]
[White "sogipano"]
[Black "Donidon"]
[Result "1-0"]
[WhiteElo "2426"]
[BlackElo "2368"]

1. e4 e5 2. Nf3 Nc6 3. Bb5 a6 4. Bxc6 dxc6 5. O-O Qd6 6. b3 Bg4 7. d3 O-O-O 8.
Nbd2 Ne7 9. h3 Bh5 10. Nc4 Qf6 11. g4 Bg6 12. Qe2 h5 13. g5 Qe6 14. Qe3 Kb8 15.
Nfxe5 f5 16. f4 Be8 17. Bb2 Ng6 18. Rae1 Nxe5 19. Bxe5 c5 20. exf5 Qxf5 21. Na5
Bd7 22. Qf3 Bc8 23. Kg2 Qg6 24. Qe4 Qxe4+ 25. Rxe4 Bf5 26. Re2 h4 27. Bb2 Rc8
28. Nc4 Rh7 29. Rfe1 g6 30. Ne3 Be6 31. f5 gxf5 32. Nc4 Bf7 33. Bf6 Bg7 34. Re7
Bf8 35. Rd7 Bg8 36. Rxh7 Bxh7 37. Ne5 Bd6 38. Nf3 Bg3 39. Re7 Bg8 40. Be5 f4 41.
c4 b5 42. g6 Kb7 43. g7 Kc6 44. Ng5 Rd8 45. Rxc7+ Kb6 46. Re7 Rxd3 47. Bc7+ Kb7
48. Ba5+ Kc6 49. Re8 f3+ 50. Nxf3 1-0

[Event "AUTO-ELITE-303"]
[Site "http://www.queenalice.com/game.php?id=610473"]
[Date "2009.6.29"]
[Round "2"]
[White "Donidon"]
[Black "sogipano"]
[Result "0-1"]
[WhiteElo "2381"]
[BlackElo "2417"]

1. e4 e5 2. f4 exf4 3. Nf3 Nf6 4. Nc3 Nc6 5. d4 Bb4 6. Bd3 d5 7. e5 Ne4 8. O-O
Nxc3 9. bxc3 Bxc3 10. Rb1 Nxd4 11. Bxf4 Bg4 12. Bd2 Nxf3+ 13. gxf3 Bd4+ 14. Kg2
Bd7 15. Qe1 O-O 16. Qg3 Re8 17. Rfe1 g6 18. Rxb7 Rb8 19. Rxb8 Qxb8 20. f4 Qb2
21. h4 Ba4 22. Rc1 Bc3 23. Qe1 Bxd2 24. Qxd2 c5 25. h5 c4 26. Be2 g5 27. fxg5
Qxe5 28. Bf3 d4 29. Rf1 c3 30. Qc1 Bb5 31. Rf2 Qe3 32. Qxe3 dxe3 33. Re2 Bxe2
34. Bxe2 Rd8 35. Kf3 Rd2 36. Kxe3 Rxc2 37. Bc4 Rg2 38. Bb3 c2 39. Bxc2 Rxc2 0-1

[Event "Challenge"]
[Site "http://www.queenalice.com/game.php?id=624690"]
[Date "2009.7.25"]
[Round "-"]
[White "Conde7"]
[Black "sogipano"]
[Result "1-0"]
[WhiteElo "2538"]
[BlackElo "2442"]

1. e4 e5 2. Nf3 Nc6 3. Bb5 Nf6 4. O-O Be7 5. Re1 d6 6. d4 exd4 7. Nxd4 Bd7 8.
Nc3 O-O 9. Bxc6 bxc6 10. Qd3 Ng4 11. f4 Re8 12. h3 Nf6 13. Be3 c5 14. Nf3 Bc6
15. b3 Bf8 16. Bd2 g6 17. Rad1 Bh6 18. Qc4 Nh5 19. Ng5 Qe7 20. e5 Bxg5 21. fxg5
Rad8 22. Qa6 Qd7 23. g4 Ng7 24. Bf4 Ne6 25. Be3 Bf3 26. Rd3 Ba8 27. Nd5 Bxd5 28.
Rxd5 Qe7 29. Qf1 Nd4 30. Bxd4 cxd4 31. Qf6 Qf8 32. Rxd4 Re6 33. Qf4 Qe7 34. Kg2
dxe5 35. Rxe5 Rxe5 36. Rxd8+ Qxd8 37. Qxe5 Qd2+ 38. Kf3 1-0

[Event "Challenge"]
[Site "http://www.queenalice.com/game.php?id=624691"]
[Date "2009.7.25"]
[Round "-"]
[White "sogipano"]
[Black "Conde7"]
[Result "0-1"]
[WhiteElo "2408"]
[BlackElo "2644"]

1. e4 c5 2. Nf3 d6 3. Bc4 e6 4. Nc3 Nf6 5. O-O Be7 6. d4 cxd4 7. Nxd4 a6 8. Be3
b5 9. Bd3 O-O 10. f3 Qc7 11. Qd2 Nbd7 12. a4 b4 13. Na2 d5 14. Nxb4 dxe4 15.
Bxe4 Nxe4 16. fxe4 Bb7 17. Rad1 Rac8 18. Bg5 Bd6 19. Nf3 Qb6+ 20. Kh1 Bxb4 21.
Qxd7 Rxc2 22. Qd3 Rxb2 23. Be3 Qa5 24. Bd4 Ra2 25. Qe3 h6 26. Ne5 Rc2 27. Nd7
Rfc8 28. Qf4 Qg5 29. Qxf7+ Kh8 30. Qf3 Qg6 31. Ne5 Qxe4 32. Nf7+ Kg8 33. Nxh6+
Kh7 34. Nf7 Qxf3 35. Ng5+ Kg8 36. Nxf3 Bc6 37. Ra1 Bd5 38. Kg1 a5 39. h3 Be7 40.
Rfb1 R2c4 0-1

[Event "AUTO-MASTER-675"]
[Site "http://www.queenalice.com/game.php?id=636561"]
[Date "2009.8.14"]
[Round "2"]
[White "Pollyanna"]
[Black "sogipano"]
[Result "0-1"]
[WhiteElo "2419"]
[BlackElo "2424"]

1. e4 c5 2. Nf3 Nc6 3. Nc3 d6 4. d4 cxd4 5. Nxd4 e5 6. Nb3 Be6 7. f4 Nf6 8. f5
Bxb3 9. axb3 Be7 10. Be3 O-O 11. Bc4 a6 12. O-O Rc8 13. g4 h6 14. h4 Nh7 15. h5
Bg5 16. Bf2 Nf6 17. Be2 Re8 18. Bf3 Nb4 19. Ra4 a5 20. Re1 b6 21. Ra1 Bf4 22.
Bh4 Qe7 23. Bf2 Rc6 24. Qe2 Rec8 25. Ra4 Rxc3 26. bxc3 Rxc3 27. Rxb4 axb4 28.
Ra1 Qc7 29. Ra8+ Kh7 30. Ra2 Qc6 0-1

[Event "AUTO-MASTER-675"]
[Site "http://www.queenalice.com/game.php?id=636562"]
[Date "2009.8.14"]
[Round "2"]
[White "sogipano"]
[Black "Pollyanna"]
[Result "1-0"]
[WhiteElo "2434"]
[BlackElo "2423"]

1. e4 e5 2. Nf3 Nc6 3. Bb5 a6 4. Bxc6 dxc6 5. O-O f6 6. d4 Bg4 7. c3 Bd6 8. Be3
Qe7 9. Nbd2 O-O-O 10. h3 Bh5 11. Qc2 g5 12. a4 exd4 13. Nxd4 Bg6 14. b4 Nh6 15.
b5 c5 16. bxa6 cxd4 17. axb7+ Kxb7 18. cxd4 Kc8 19. a5 Kd7 20. Qa4+ c6 21. d5
Ke8 22. a6 Kf7 23. Rab1 1-0

[Event "AUTO-MASTER-675"]
[Site "http://www.queenalice.com/game.php?id=636565"]
[Date "2009.8.14"]
[Round "2"]
[White "sogipano"]
[Black "Alexandrovinsk"]
[Result "1-0"]
[WhiteElo "2433"]
[BlackElo "2110"]

1. e4 c6 2. Nf3 d5 3. e5 Bf5 4. d4 e6 5. Bd3 Bxd3 6. Qxd3 Nd7 7. O-O Ne7 8. Bg5
Qb6 9. Nc3 O-O-O 10. Bd2 h6 11. a4 g5 12. b4 f5 13. exf6 Nxf6 14. Rfe1 Rd6 15.
Ne5 Rh7 16. a5 Qc7 17. b5 Kb8 18. b6 axb6 19. axb6 Qxb6 20. Reb1 Qc7 21. Na4 Nc8
22. Nc5 1-0

[Event "AUTO-MASTER-675"]
[Site "http://www.queenalice.com/game.php?id=636566"]
[Date "2009.8.14"]
[Round "2"]
[White "Alexandrovinsk"]
[Black "sogipano"]
[Result "0-1"]
[WhiteElo "2147"]
[BlackElo "2434"]

1. f4 Nf6 2. Nf3 d5 3. g3 g6 4. Bg2 Bg7 5. O-O O-O 6. d3 Qd6 7. Nc3 Nc6 8. e4
dxe4 9. dxe4 Qc5+ 10. Kh1 Be6 11. Qe1 Bc4 12. Rg1 Nb4 13. Be3 Qh5 14. Rc1 Ng4
15. h3 Nxe3 16. Qxe3 Be6 17. Kh2 Qa5 18. a3 Nc6 19. e5 h6 20. Rgd1 Rad8 21. Qg1
Rfe8 22. Nd4 Nxd4 23. Rxd4 f6 24. Rcd1 Rxd4 25. Qxd4 fxe5 26. fxe5 c6 27. Qd3 g5
28. Re1 Rf8 29. Qe3 Rf5 30. Qd3 Rxe5 31. Rf1 Bf5 32. Qc4+ Kh8 33. Qf7 Bxc2 34.
Qe8+ Kh7 35. Qf7 Bg6 36. Qf3 Qb6 37. Rf2 Re3 38. Qd1 Rxc3 0-1

[Event "AUTO-MASTER-732"]
[Site "http://www.queenalice.com/game.php?id=646794"]
[Date "2009.9.3"]
[Round "2"]
[White "From77fr"]
[Black "sogipano"]
[Result "0-1"]
[WhiteElo "2057"]
[BlackElo "2405"]

1. e4 c5 2. Nf3 Nc6 3. d4 cxd4 4. c3 dxc3 5. Nxc3 Nf6 6. Bc4 e6 7. Bg5 h6 8. Bh4
a6 9. e5 g5 10. Bg3 Nh5 11. Nd4 Nxg3 12. hxg3 Nxe5 13. Bb3 Bg7 14. Nf3 d5 15.
Qe2 Nxf3+ 0-1

[Event "AUTO-MASTER-732"]
[Site "http://www.queenalice.com/game.php?id=646795"]
[Date "2009.9.3"]
[Round "2"]
[White "sogipano"]
[Black "From77fr"]
[Result "1-0"]
[WhiteElo "2405"]
[BlackElo "2135"]

1. e4 e6 2. Nc3 c6 3. Nf3 d5 4. d4 Nf6 5. e5 Nfd7 6. Bd3 Be7 7. O-O c5 8. Nb5
cxd4 9. Nbxd4 Nc6 10. Qe2 Nc5 11. Nxc6 bxc6 12. Nd4 Nxd3 13. cxd3 Bb7 14. a3 O-O
15. Qg4 1-0

[Event "AUTO-MASTER-732"]
[Site "http://www.queenalice.com/game.php?id=646798"]
[Date "2009.9.3"]
[Round "2"]
[White "sogipano"]
[Black "NickThorp"]
[Result "0-1"]
[WhiteElo "2432"]
[BlackElo "2131"]

1. e4 e5 2. Nf3 Nc6 3. Bb5 a6 4. Bxc6 dxc6 5. O-O Nf6 6. Nxe5 Bc5 7. d3 O-O 8.
Bf4 Be6 9. Nc3 Bd4 10. Nf3 Bb6 11. Qe2 Bg4 12. h3 Bh5 13. Be3 Re8 14. g4 Bg6 15.
Bxb6 cxb6 16. Qe3 b5 17. a3 Nd5 0-1

[Event "AUTO-MASTER-732"]
[Site "http://www.queenalice.com/game.php?id=646799"]
[Date "2009.9.3"]
[Round "2"]
[White "NickThorp"]
[Black "sogipano"]
[Result "1-0"]
[WhiteElo "2152"]
[BlackElo "2418"]

1. e4 c5 2. Nf3 Nc6 3. Bc4 e6 4. O-O Nf6 5. Nc3 d5 6. exd5 exd5 7. Bb5 Be7 8.
Re1 d4 9. Ne4 Nxe4 10. Rxe4 O-O 11. d3 Bf5 12. Bxc6 bxc6 13. Re5 Be6 14. Bg5
Bxg5 15. Nxg5 Bd5 16. c4 dxc3 17. bxc3 h6 18. Nh3 1-0